| 000 | 00472nam a2200181Ia 4500 | ||
|---|---|---|---|
| 003 | 0100 | ||
| 008 | 130303s9999 xx 000 0 und d | ||
| 040 | _cARRUPELIB | ||
| 050 | _aHC244.W55 1972 | ||
| 100 | _aWilczynski, J | ||
| 245 | 4 | _aThe Economics of Socialism | |
| 245 | _bPrinciples Governing the Operation of the Centrally Planned Economies in the USS | ||
| 260 | _aLondon | ||
| 260 | _bGeorge Allen Unwin | ||
| 260 | _C1972 | ||
| 300 | _a235p | ||
| 942 | 0 | 0 | _03 |
| 999 |
_c31659 _d31659 |
||